<?xml version="1.0" encoding="UTF-8"?><?xml-stylesheet type="text/xsl" href="static/style.xsl"?><OAI-PMH xmlns="http://www.openarchives.org/OAI/2.0/" xmlns:xsi="http://www.w3.org/2001/XMLSchema-instance" xsi:schemaLocation="http://www.openarchives.org/OAI/2.0/ http://www.openarchives.org/OAI/2.0/OAI-PMH.xsd"><responseDate>2026-06-29T02:43:02Z</responseDate><request verb="GetRecord" identifier="oai:docta.ucm.es:20.500.14352/115175" metadataPrefix="marc">https://docta.ucm.es/rest/oai/request</request><GetRecord><record><header><identifier>oai:docta.ucm.es:20.500.14352/115175</identifier><datestamp>2025-08-25T12:29:20Z</datestamp><setSpec>com_20.500.14352_14</setSpec><setSpec>col_20.500.14352_15</setSpec></header><metadata><record xmlns="http://www.loc.gov/MARC21/slim" xmlns:dcterms="http://purl.org/dc/terms/" xmlns:xsi="http://www.w3.org/2001/XMLSchema-instance" xmlns:doc="http://www.lyncode.com/xoai" xsi:schemaLocation="http://www.loc.gov/MARC21/slim http://www.loc.gov/standards/marcxml/schema/MARC21slim.xsd">
   <leader>00925njm 22002777a 4500</leader>
   <datafield ind2=" " ind1=" " tag="042">
      <subfield code="a">dc</subfield>
   </datafield>
   <datafield ind2=" " ind1=" " tag="720">
      <subfield code="a">Sánchez Coterón, Lara</subfield>
      <subfield code="e">author</subfield>
   </datafield>
   <datafield ind2=" " ind1=" " tag="260">
      <subfield code="c">2025</subfield>
   </datafield>
   <datafield ind2=" " ind1=" " tag="520">
      <subfield code="a">El artículo reflexiona sobre las implicaciones éticas, políticas y las relaciones de poder que produce la integración de los sistemas computacionales de inteligencia artificial en nuestra sociedad. Analiza cómo desde las prácticas artísticas y de diseño crítico se acometen estas cuestiones, identificando ciertos puntos de intervención cruciales sobre las diferentes fases de los procesos integrales de la Inteligencia Artificial (IA). Proponemos que este tipo de proyectos, que visibilizan dinámicas habitualmente opacas o enigmáticas, pueden activar a nivel social otras formas de concebir y comprender estas tecnologías y generar nuevos planteamientos sobre cómo y para qué utilizarlas.</subfield>
   </datafield>
   <datafield ind1="8" ind2=" " tag="024">
      <subfield code="a">Sánchez Coterón L. (2025). Arte y diseño crítico como desencadenantes de reflexión social para una inteligencia artificial más legible, inclusiva y responsable. Teknokultura. Revista de Cultura Digital y Movimientos Sociales, 22(1), 41-49. https://doi.org/10.5209/tekn.94934</subfield>
   </datafield>
   <datafield ind1="8" ind2=" " tag="024">
      <subfield code="a">10.5209/tekn.94934</subfield>
   </datafield>
   <datafield ind1="8" ind2=" " tag="024">
      <subfield code="a">https://hdl.handle.net/20.500.14352/115175</subfield>
   </datafield>
   <datafield ind1="8" ind2=" " tag="024">
      <subfield code="a">https://doi.org/10.5209/tekn.94934</subfield>
   </datafield>
   <datafield ind1="8" ind2=" " tag="024">
      <subfield code="a">https://revistas.ucm.es/index.php/TEKN/article/view/94934</subfield>
   </datafield>
   <datafield ind2="0" ind1="0" tag="245">
      <subfield code="a">Arte y diseño crítico como desencadenantes de reflexión social para una inteligencia artificial más legible, inclusiva y responsable</subfield>
   </datafield>
</record></metadata></record></GetRecord></OAI-PMH>